Statistics for PGA Championship Golf Courses from 1975

Click here to take the quiz!

General Stats

  • This quiz has been taken 93 times
  • The average score is 19 of 56

Answer Stats

HintAnswer% Correct
1980Oak Hill
67%
2023Oak Hill
67%
2003Oak Hill
67%
2013Oak Hill
67%
1977Pebble Beach
62%
2007Southern Hills
59%
1994Southern Hills
59%
2022Southern Hills
59%
1982Southern Hills
59%
2014Valhalla
54%
2000Valhalla
54%
2024Valhalla
54%
1996Valhalla
54%
2019Bethpage Black
51%
2021Kiawah Island
49%
2012Kiawah Island
49%
2010Whistling Straits
49%
2015Whistling Straits
49%
2004Whistling Straits
49%
1978Oakmont
46%
2016Baltusrol
41%
2029Baltusrol
41%
2005Baltusrol
41%
1999Medinah
41%
2006Medinah
41%
2018Bellerive
36%
1992Bellerive
36%
2030Congressional
31%
1976Congressional
31%
1987PGA National
31%
2020TPC Harding Park
31%
1997Winged Foot
31%
2008Oakland Hills
28%
1979Oakland Hills
28%
2001Atlanta Athletic Club
26%
1981Atlanta Athletic Club
26%
2011Atlanta Athletic Club
26%
1995Riviera
26%
1983Riviera
26%
1991Crooked Stick
21%
2002Hazeltine National
18%
2009Hazeltine National
18%
1988Oak Tree
18%
2027PGA Frisco
18%
1998Sahalee
18%
1986Inverness
13%
1993Inverness
13%
2017Quail Hallow
13%
2025Quail Hallow
13%
1985Cherry Hills
10%
2028Olympic Club
10%
2026Aronimink
8%
1990Shoal Creek
8%
1984Shoal Creek
8%
1975Firestone
5%
1989Kemper Lakes
3%

Score Distribution

Percentile by Number Answered

Percent of People with Each Score

Your Score History

You have not taken this quiz